Normal view
MARC view
Entry Personal Name
001 - CONTROL NUMBER
- control field: 254258
003 - CONTROL NUMBER IDENTIFIER
- control field: OSt
005 - DATE AND TIME OF LATEST TRANSACTION
- control field: 20260210112616.0
008 - FIXED-LENGTH DATA ELEMENTS
- fixed length control field: 260210|| aca||aabn | a|a d
040 ## - CATALOGING SOURCE
- Original cataloging agency: OSt
- Transcribing agency: OSt
100 ## - HEADING--PERSONAL NAME
- Personal name: KRISHNASWAMY (N)
670 ## - SOURCE DATA FOUND
- Source citation: Work cat.: (OSt)87844: KRISHNASWAMY (N)., Modern english, 2000